000 00442nam a22001457a 4500
999 _c513404
_d513404
008 200219b ||||| |||| 00| 0 eng d
100 _aBocola, Luigi
_916239
245 _aSelf-fulfilling debt crises: A quantitative analysis
260 _bAmerican Economic Review
300 _a109(12), Dec, 2019: p.4343-4377.
700 _aDovis, Alessandro
_916240
773 _aAmerican Economic Review
906 _aExternal debt
942 _2ddc
_cAR